[Event "World Senior chT-50 2019"]
[Site "Rhodes"]
[Date "2019.04.19"]
[Round "4.7"]
[White "Arnason, Jon L"]
[Black "Emms, John M"]
[Result "0-1"]
[WhiteElo "2423"]
[BlackElo "2474"]
[Annotator "RC"]
[PlyCount "130"]
[EventDate "2019.04.16"]
[EventType "team-tourn"]
[EventCountry "GRE"]

{[%evp 10,130,10,20,38,41,33,19,20,17,17,13,16,13,29,20,33,34,49,13,35,34,30,28,48,0,0,0,0,-13,0,0,0,0,0,0,0,-35,-18,-8,0,0,-5,-106,-83,-161,-159,-253,-155,-176,-180,-181,-181,-181,-171,-168,-86,-175,-176,-237,-248,-253,-191,-336,-293,-290,-286,-293,-298,-408,-205,-567,-568,-540,-332,-328,-339,-277,-265,-250,-228,-221,-220,-246,-246,-246,-153,-153,-153,-325,-153,-268,-150,-298,-294,-411,-397,-375,-248,-1000,-584,-3049,-2025,-1534,-2379,-1616,-2646,-2685,-2220,-29976,-29977,-29977,-29978,-29977,-29976,-29975,-29975,-29975,-29975,-29973,-29973,-29968,-4614]} 1. e4 c5 2. Nf3 Nc6 3. Bb5 g6 4. Bxc6 bxc6 5. O-O Bg7 6. Re1 Qc7 {B31: Sicilian: 2...Nc6 3 Bb5 g6} (6... Nh6 7. c3 O-O 8. h3 f5 9. e5 Nf7 10. d3 d6 11. Bf4 Ba6 12. Na3 Rb8 13. Qd2 dxe5 14. Nxe5 Nxe5 15. Bxe5 Bxe5 16. Rxe5 Qxd3 {1-0 (50) Amin,B (2686)-Guseinov,G (2667) Hoogeveen 2018}) 7. c3 d6 8. h3 Nf6 {The position is equal.} 9. d4 cxd4 10. cxd4 O-O 11. Nc3 Rb8 12. Qe2 Qa5 13. Bf4 e5 $146 ({Predecessor:} 13... Nd7 14. Rad1 {½-½ (27) Balutescu,M (2389)-Bozyavkin,A (2451) ICCF email 2016}) 14. Bh2 {[%cal Rd4e5]} Nh5 15. Qd2 Be6 16. Rac1 Rfd8 ({Wrong is} 16... Bxa2 $2 17. b4 $1 $18 {[%mdl 512]}) 17. Red1 c5 $36 {[%mdl 2048] Black fights for an advantage.} ({Don't go for} 17... Bxa2 $2 18. b4 $1 $18 {[%mdl 512]}) 18. dxe5 dxe5 19. Qc2 Rxd1+ 20. Rxd1 Nf4 $1 21. Qd2 c4 22. Bxf4 exf4 23. Re1 Rd8 24. Qxf4 Bxc3 25. bxc3 Qxc3 26. Rc1 (26. Rb1 $11) 26... Qb2 $1 $17 27. Kh2 (27. Ng5 $17) 27... Qxf2 $19 28. Qf6 (28. a3 $17 {might work better.}) 28... Re8 29. a4 Qe3 30. Re1 Qc5 31. Rc1 Qc6 32. Ng5 Qd7 ({Better is} 32... Qc7+ $19 33. Kh1 h6 34. Nxe6 Rxe6 {[%mdl 64] Double Attack}) 33. a5 (33. e5 $17) 33... h6 34. Nxe6 (34. Nf3 {was worth a try.}) 34... Rxe6 {[%mdl 4096] Endgame KQR-KQR} 35. Qf4 Rc6 36. Qxh6 (36. Qb8+ $142 Kg7 37. Qe5+ f6 38. Qc3) 36... Qc7+ 37. Kh1 Qxa5 38. Qe3 c3 39. Rc2 Qc5 (39... Qa4 $142 40. Qd3 a5) 40. Qg3 $2 (40. Qxc5 Rxc5 41. Kg1) 40... Kg7 41. e5 Qd4 {Strongly threatening ...Qd1+.} 42. Qf3 Qc4 43. Qe3 a5 44. e6 Rxe6 45. Rxc3 Qf1+ 46. Qg1 Qxg1+ 47. Kxg1 {KR-KR} Ra6 48. Ra3 a4 49. Kf2 $2 (49. g4 $17) 49... Kf6 (49... f5 $1 $19 {and Black stays clearly on top.} 50. Ke3 Re6+ 51. Kf4 Ra6) 50. Ke3 (50. g4 $17 {was the only defense.}) 50... Ke5 (50... Kg5 $1 $19 51. Kd4 f5) 51. Kd3 (51. g4 $17) 51... f5 52. Ke3 Kd5 53. Kd3 f4 54. Ke2 $2 (54. h4) 54... Kc4 55. Kf3 Kb4 56. Ra1 g5 57. Kg4 Ra5 58. h4 gxh4 59. Rf1 a3 {Black mates.} 60. Rxf4+ Kc3 61. Rf3+ Kd2 62. Rf2+ Ke3 63. Ra2 {[#]} Ra4+ $1 64. Kg5 {[#]} Kd3 $1 {[%cal Rd3c3]} 65. Kh5 Kc3 {Accuracy: White = 42%, Black = 60%.} 0-1

[Event "World Senior chT-50 2019"]
[Site "Rhodes"]
[Date "2019.04.19"]
[Round "4.8"]
[White "Plaskett, H James"]
[Black "Thorhallsson, Throstur"]
[Result "1/2-1/2"]
[WhiteElo "2437"]
[BlackElo "2425"]
[PlyCount "69"]
[EventDate "2019.04.16"]
[EventType "team-tourn"]
[EventCountry "GRE"]
[TimeControl "40/5400+30:1800+30"]

1. c4 {[%emt 0:00:00]} e6 {[%emt 0:00:01]} 2. d4 {[%emt 0:00:08]} d5 {[%emt 0:01:08]} 3. Nc3 {[%emt 0:00:26]} Nf6 {[%emt 0:00:59]} 4. Bf4 {[%emt 0:02:06]} Be7 {[%emt 0:04:33]} 5. Nf3 {[%emt 0:05:20]} O-O {[%emt 0:01:45]} 6. e3 {[%emt 0:04:14]} c6 {[%emt 0:07:58]} 7. c5 {[%emt 0:07:59]} Nbd7 {[%emt 0:01:55]} 8. h3 {[%emt 0:10:11]} Re8 {[%emt 0:07:37]} 9. b4 {[%emt 0:03:54]} Bf8 {[%emt 0:07:20]} 10. Bd3 {[%emt 0:01:23]} g6 {[%emt 0:00:57]} 11. O-O {[%emt 0:11:25]} Nh5 {[%emt 0:02:27]} 12. Bh2 {[%emt 0:02:10]} f5 {[%emt 0:03:54]} 13. Ne5 {[%emt 0:06:54]} Nxe5 {[%emt 0:10:55]} 14. Bxe5 {[%emt 0:00:20]} ({Reject} 14. dxe5 a5 $11) 14... Bg7 {[%emt 0:03:07]} 15. Ne2 $14 {[%emt 0:02:56]} Bd7 {[%emt 0:05:14]} 16. a4 {[%emt 0:02:38]} a6 {[%emt 0:07:14]} 17. Rb1 {[%emt 0:06:51]} Rf8 {[%emt 0:02:33]} 18. Bd6 {[%emt 0:06:57]} Rf7 {[%emt 0:01:12]} 19. b5 {[%emt 0:00:12]} axb5 {[%emt 0:01:24]} 20. axb5 {[%emt 0:00:02]} Qe8 {[%emt 0:05:52]} 21. bxc6 {[%emt 0:02:16]} Bxc6 {[%emt 0:00:27]} 22. f4 {[%emt 0:15:12]} Bf8 {[%emt 0:01:09]} 23. Bxf8 {[%emt 0:00:51]} Qxf8 {[%emt 0:01:06]} 24. g4 {[%emt 0:00:18]} fxg4 {[%emt 0:00:59]} 25. hxg4 {[%emt 0:00:02]} Nf6 {[%emt 0:00:33]} 26. Ng3 {[%emt 0:00:09]} Ra3 {[%emt 0:01:16]} 27. g5 {[%emt 0:01:37]} Ne4 {[%emt 0:03:44]} 28. Bxe4 {[%emt 0:00:05]} dxe4 {[%emt 0:00:52]} 29. Rb3 {[%emt 0:00:30]} Qa8 {[%emt 0:03:08]} 30. Rxa3 {[%emt 0:03:41]} Qxa3 {[%emt 0:00:02]} 31. Qc1 {[%emt 0:00:05]} Qb3 {[%emt 0:02:23]} 32. Rf2 {[%emt 0:00:17]} Rf8 {[%emt 0:00:46]} 33. Rb2 {[%emt 0:00:53]} Qa3 {[%emt 0:01:03]} 34. Rc2 {[%emt 0:00:10]} Qb3 {[%emt 0:05:08]} 35. Rb2 {[%emt 0:00:14]} 1/2-1/2

[Event "World Senior chT-50 2019"]
[Site "Rhodes"]
[Date "2019.04.19"]
[Round "4.9"]
[White "Soffer, Ram"]
[Black "Godena, Michele"]
[Result "1/2-1/2"]
[WhiteElo "2486"]
[BlackElo "2459"]
[PlyCount "51"]
[EventDate "2019.04.16"]
[EventType "team-tourn"]
[EventCountry "GRE"]
[TimeControl "40/5400+30:1800+30"]

1. c4 {[%emt 0:00:00]} e5 {[%emt 0:00:00]} 2. Nc3 {[%emt 0:00:00]} Bb4 {[%emt 0:00:36]} 3. Nd5 {[%emt 0:00:00]} Bc5 {[%emt 0:02:47]} 4. b4 {[%emt 0:00:02]} Bd4 {[%emt 0:04:29]} 5. Rb1 {[%emt 0:00:24]} c6 {[%emt 0:00:19]} 6. e3 {[%emt 0:00:06]} cxd5 {[%emt 0:06:11]} 7. exd4 {[%emt 0:00:34]} d6 {[%emt 0:01:20]} 8. dxe5 {[%emt 0:00:18]} dxe5 {[%emt 0:00:16]} 9. Nf3 {[%emt 0:00:35]} Bf5 {[%emt 0:13:56]} 10. Rb3 {[%emt 0:00:56]} Nd7 {[%emt 0:01:47]} 11. Nxe5 {[%emt 0:08:54]} Nxe5 {[%emt 0:03:02]} 12. Re3 {[%emt 0:02:08]} Ne7 {[%emt 0:07:33]} 13. Rxe5 {[%emt 0:00:14]} O-O {[%emt 0:00:05]} 14. d4 {[%emt 0:08:29]} Re8 {[%emt 0:20:45]} 15. Be2 {[%emt 0:06:16]} dxc4 {[%emt 0:07:38]} 16. Bxc4 {[%emt 0:08:37]} Nc6 {[%emt 0:07:23]} 17. Rxe8+ {[%emt 0:00:22]} Qxe8+ {[%emt 0:00:04]} 18. Be3 {[%emt 0:00:11]} Nxb4 {[%emt 0:02:26]} 19. O-O {[%emt 0:00:17]} Qd7 {[%emt 0:12:24]} 20. Qb3 {[%emt 0:06:52]} Nc6 {[%emt 0:00:05]} 21. Qb5 {[%emt 0:04:51]} Rd8 {[%emt 0:00:53]} 22. d5 {[%emt 0:07:04]} Ne7 {[%emt 0:01:25]} 23. Bxa7 {[%emt 0:03:24]} Qxb5 {[%emt 0:00:14]} 24. Bxb5 {[%emt 0:00:01]} Nxd5 {[%emt 0:01:01]} 25. Rd1 {[%emt 0:01:04]} Be6 {[%emt 0:00:15]} 26. Bc4 {[%emt 0:04:54]} 1/2-1/2

[Event "World Senior chT-50 2019"]
[Site "Rhodes"]
[Date "2019.04.19"]
[Round "4.10"]
[White "Garcia Palermo, Carlos"]
[Black "Manor, Ilan"]
[Result "1-0"]
[WhiteElo "2407"]
[BlackElo "2461"]
[PlyCount "121"]
[EventDate "2019.04.16"]
[EventType "team-tourn"]
[EventCountry "GRE"]
[TimeControl "40/5400+30:1800+30"]

1. d4 {[%emt 0:00:00]} Nf6 {[%emt 0:07:38]} 2. c4 {[%emt 0:00:03]} e6 {[%emt 0:00:41]} 3. Nf3 {[%emt 0:00:47]} b6 {[%emt 0:00:55]} 4. e3 {[%emt 0:01:37]} Bb7 {[%emt 0:01:46]} 5. Bd3 {[%emt 0:00:10]} d5 {[%emt 0:00:08]} 6. b3 {[%emt 0:01:23]} Bd6 {[%emt 0:00:36]} 7. Bb2 {[%emt 0:02:23]} O-O {[%emt 0:01:31]} 8. O-O {[%emt 0:00:21]} Nbd7 {[%emt 0:00:14]} 9. Nc3 {[%emt 0:01:38]} Re8 {[%emt 0:02:36]} 10. cxd5 {[%emt 0:04:18]} exd5 {[%emt 0:00:45]} 11. Rc1 {[%emt 0:00:08]} a6 {[%emt 0:01:33]} 12. Ne2 {[%emt 0:00:11]} Ne4 {[%emt 0:02:11]} 13. Ng3 {[%emt 0:00:09]} Re6 {[%emt 0:04:25]} 14. Qc2 {[%emt 0:12:42]} Rc8 {[%emt 0:05:13]} 15. Rfd1 {[%emt 0:02:51]} Nxg3 {[%emt 0:18:55]} 16. hxg3 {[%emt 0:00:57]} g6 {[%emt 0:00:29]} 17. Qe2 {[%emt 0:06:54]} a5 {[%emt 0:10:50]} 18. a4 {[%emt 0:07:38]} Bf8 {[%emt 0:03:37]} 19. Bb5 {[%emt 0:02:13]} Bg7 {[%emt 0:01:05]} 20. Rc2 {[%emt 0:01:08]} c6 {[%emt 0:02:19]} 21. Bd3 {[%emt 0:03:04]} Ba8 {[%emt 0:01:19]} 22. Kf1 {[%emt 0:11:51]} Qe7 {[%emt 0:00:14]} 23. Ra1 {[%emt 0:10:45]} Re8 {[%emt 0:03:39]} 24. Ba3 {[%emt 0:01:54]} Qd8 {[%emt 0:00:15]} 25. Rd1 {[%emt 0:01:08]} h5 {[%emt 0:08:29]} 26. Qd2 {[%emt 0:02:40]} Bh6 {[%emt 0:02:18]} 27. b4 {[%emt 0:09:32]} Bf8 {[%emt 0:00:42]} 28. Ra2 {[%emt 0:05:49]} axb4 {[%emt 0:02:24]} 29. Bxb4 {[%emt 0:00:03]} c5 {[%emt 0:01:08]} 30. dxc5 {[%emt 0:00:07]} bxc5 {[%emt 0:00:20]} 31. Ba5 {[%emt 0:00:20]} Qe7 {[%emt 0:01:49]} 32. Bb5 {[%emt 0:00:26]} Rc8 {[%emt 0:01:22]} 33. Bc3 {[%emt 0:03:35]} Nf6 {[%emt 0:01:37]} 34. Ba1 {[%emt 0:02:53]} Ne4 {[%emt 0:01:34]} 35. Qb2 {[%emt 0:00:06]} d4 {[%emt 0:00:07]} 36. exd4 {[%emt 0:00:31]} Bg7 {[%emt 0:00:41]} 37. Qc1 {[%emt 0:00:05]} Rd6 {[%emt 0:04:30]} 38. Re1 {[%emt 0:01:20]} Qd8 {[%emt 0:03:57]} 39. dxc5 {[%emt 0:01:20]} Rxc5 {[%emt 0:00:05]} 40. Rc2 {[%emt 0:00:00]} Rxc2 {[%emt 0:00:00]} 41. Qxc2 {[%emt 0:05:09]} Bxa1 {[%emt 0:08:53]} 42. Rxa1 {[%emt 0:00:14]} Qb6 {[%emt 0:08:13]} 43. Qe2 {[%emt 0:14:45]} Qc5 {[%emt 0:04:44]} 44. Re1 {[%emt 0:02:13]} g5 {[%emt 0:09:59]} 45. Qe3 {[%emt 0:02:38]} Qxe3 {[%emt 0:03:14]} 46. Rxe3 {[%emt 0:00:05]} g4 {[%emt 0:00:01]} 47. Ng5 {[%emt 0:00:46]} Nxg5 {[%emt 0:01:19]} 48. Re8+ {[%emt 0:00:06]} Kg7 {[%emt 0:00:03]} 49. Rxa8 {[%emt 0:00:05]} Ne4 {[%emt 0:00:21]} 50. Ke2 {[%emt 0:06:23]} Nc3+ {[%emt 0:00:50]} 51. Ke3 {[%emt 0:00:38]} Nd1+ {[%emt 0:00:09]} 52. Ke2 {[%emt 0:00:46]} Nc3+ {[%emt 0:00:06]} 53. Ke3 {[%emt 0:00:01]} Nd1+ {[%emt 0:00:01]} 54. Kf4 {[%emt 0:00:06]} Nxf2 {[%emt 0:01:08]} 55. a5 {[%emt 0:01:03]} Nd1 {[%emt 0:00:32]} 56. Ke5 {[%emt 0:02:57]} Rd2 {[%emt 0:00:39]} 57. a6 {[%emt 0:00:27]} Rxg2 {[%emt 0:02:29]} 58. Rd8 {[%emt 0:02:03]} Rb2 {[%emt 0:01:32]} 59. a7 {[%emt 0:02:06]} Rxb5+ {[%emt 0:00:30]} 60. Rd5 {[%emt 0:00:04]} Rb6 {[%emt 0:00:49]} 61. a8=Q {[%emt 0:00:20]} 1-0

[Event "World Senior chT-50 2019"]
[Site "Rhodes"]
[Date "2019.04.19"]
[Round "4.11"]
[White "Kaspi, Alexander"]
[Black "Bellia, Fabrizio"]
[Result "1/2-1/2"]
[WhiteElo "2452"]
[BlackElo "2447"]
[PlyCount "140"]
[EventDate "2019.04.16"]
[EventType "team-tourn"]
[EventCountry "GRE"]
[TimeControl "40/5400+30:1800+30"]

1. d4 {[%emt 0:00:00]} Nf6 {[%emt 0:00:00]} 2. c4 {[%emt 0:00:00]} e6 {[%emt 0:00:00]} 3. Nc3 {[%emt 0:00:00]} Bb4 {[%emt 0:00:00]} 4. e3 {[%emt 0:00:21]} O-O {[%emt 0:00:00]} 5. Bd3 {[%emt 0:00:04]} d5 {[%emt 0:00:02]} 6. Nge2 {[%emt 0:00:07]} dxc4 {[%emt 0:00:14]} 7. Bxc4 {[%emt 0:00:10]} c5 {[%emt 0:00:07]} 8. a3 {[%emt 0:00:38]} Bxc3+ {[%emt 0:00:11]} 9. bxc3 {[%emt 0:00:17]} Qc7 {[%emt 0:00:19]} 10. Ba2 {[%emt 0:06:28]} e5 {[%emt 0:07:36]} 11. f3 {[%emt 0:05:41]} b6 {[%emt 0:11:59]} 12. O-O {[%emt 0:01:18]} Ba6 {[%emt 0:00:59]} 13. d5 {[%emt 0:00:45]} c4 {[%emt 0:04:21]} 14. e4 {[%emt 0:00:46]} Nbd7 {[%emt 0:00:07]} 15. Bg5 {[%emt 0:09:38]} h6 {[%emt 0:07:49]} 16. Be3 {[%emt 0:02:39]} Ne8 {[%emt 0:01:06]} 17. Ng3 {[%emt 0:00:57]} Nd6 {[%emt 0:00:32]} 18. f4 {[%emt 0:01:11]} Rae8 {[%emt 0:03:32]} 19. f5 {[%emt 0:01:24]} f6 {[%emt 0:11:28]} 20. Qg4 {[%emt 0:04:11]} Kh8 {[%emt 0:03:31]} 21. Bb1 {[%emt 0:06:52]} Nc5 {[%emt 0:03:11]} 22. Bc2 {[%emt 0:01:33]} Nb5 {[%emt 0:09:56]} 23. Ne2 {[%emt 0:06:11]} Bc8 {[%emt 0:05:31]} 24. Qf3 {[%emt 0:00:00]} Kg8 {[%emt 0:00:20]} 25. g4 {[%emt 0:00:00]} Kf7 {[%emt 0:00:30]} 26. a4 {[%emt 0:00:19]} Nd6 {[%emt 0:00:07]} 27. Ng3 {[%emt 0:00:10]} Bd7 {[%emt 0:01:45]} 28. h4 {[%emt 0:00:46]} Rh8 {[%emt 0:00:26]} 29. Kg2 {[%emt 0:02:50]} Ke7 {[%emt 0:00:35]} 30. a5 {[%emt 0:00:32]} bxa5 {[%emt 0:05:30]} 31. Qf2 {[%emt 0:03:02]} Rc8 {[%emt 0:00:49]} 32. g5 {[%emt 0:02:21]} hxg5 {[%emt 0:00:19]} 33. hxg5 {[%emt 0:00:04]} Nd3 {[%emt 0:03:40]} 34. Qf3 {[%emt 0:13:51]} Rb8 {[%emt 0:01:46]} 35. Ra2 {[%emt 0:04:44]} Rh4 {[%emt 0:01:51]} 36. Bxd3 {[%emt 0:04:37]} cxd3 {[%emt 0:00:08]} 37. Rh1 {[%emt 0:00:38]} Rxh1 {[%emt 0:01:27]} 38. Nxh1 {[%emt 0:00:53]} Qxc3 {[%emt 0:04:50]} 39. Nf2 {[%emt 0:01:06]} Rb2 {[%emt 0:05:08]} 40. Rxb2 {[%emt 0:00:00]} Qxb2 {[%emt 0:00:00]} 41. gxf6+ {[%emt 0:06:33]} gxf6 {[%emt 0:00:38]} 42. Qg4 {[%emt 0:04:31]} Ne8 {[%emt 0:06:37]} 43. Qd1 {[%emt 0:14:56]} Bb5 {[%emt 0:01:55]} 44. Bxa7 {[%emt 0:02:12]} a4 {[%emt 0:08:27]} 45. Bc5+ {[%emt 0:00:34]} Kd8 {[%emt 0:00:28]} 46. Qh5 {[%emt 0:03:48]} d2 {[%emt 0:03:01]} 47. Qf3 {[%emt 0:07:34]} Qc1 {[%emt 0:03:20]} 48. Ba3 {[%emt 0:06:32]} Qf1+ {[%emt 0:01:49]} 49. Kg3 {[%emt 0:00:07]} Qg1+ {[%emt 0:04:05]} 50. Kh4 {[%emt 0:00:26]} Qg5+ {[%emt 0:00:11]} 51. Kh3 {[%emt 0:00:07]} Bf1+ {[%emt 0:00:08]} 52. Kh2 {[%emt 0:00:07]} Qf4+ {[%emt 0:00:37]} 53. Qxf4 {[%emt 0:00:09]} exf4 {[%emt 0:00:03]} 54. Bb4 {[%emt 0:00:09]} a3 {[%emt 0:03:03]} 55. Bxd2 {[%emt 0:00:51]} a2 {[%emt 0:01:14]} 56. Bc3 {[%emt 0:00:05]} Ke7 {[%emt 0:00:13]} 57. Kg1 {[%emt 0:01:33]} Be2 {[%emt 0:00:24]} 58. Nh3 {[%emt 0:01:00]} f3 {[%emt 0:02:38]} 59. e5 {[%emt 0:01:05]} fxe5 {[%emt 0:01:07]} 60. Bxe5 {[%emt 0:00:06]} Nd6 {[%emt 0:00:08]} 61. f6+ {[%emt 0:02:16]} Kf7 {[%emt 0:00:14]} 62. Kf2 {[%emt 0:03:11]} Ne4+ {[%emt 0:00:46]} 63. Ke3 {[%emt 0:03:09]} Nxf6 {[%emt 0:00:07]} 64. Ba1 {[%emt 0:00:59]} Nxd5+ {[%emt 0:00:32]} 65. Kf2 {[%emt 0:00:12]} Kg6 {[%emt 0:05:03]} 66. Ng1 {[%emt 0:00:05]} Nb4 {[%emt 0:00:15]} 67. Nxe2 {[%emt 0:00:31]} fxe2 {[%emt 0:00:20]} 68. Kxe2 {[%emt 0:00:07]} Nc2 {[%emt 0:00:09]} 69. Bb2 {[%emt 0:00:08]} a1=Q 70. Bxa1 {[%emt 0:00:05]} Nxa1 {[%emt 0:00:20]} 1/2-1/2

[Event "World Senior chT-50 2019"]
[Site "Rhodes"]
[Date "2019.04.19"]
[Round "4.12"]
[White "Bruno, Fabio"]
[Black "Gruenfeld, Yehuda"]
[Result "1/2-1/2"]
[WhiteElo "2433"]
[BlackElo "2428"]
[PlyCount "81"]
[EventDate "2019.04.16"]
[EventType "team-tourn"]
[EventCountry "GRE"]
[TimeControl "40/5400+30:1800+30"]

1. d4 {[%emt 0:00:10]} Nf6 {[%emt 0:00:00]} 2. Bg5 {[%emt 0:02:19]} d5 {[%emt 0:05:27]} 3. e3 {[%emt 0:00:36]} c6 {[%emt 0:05:43]} 4. Nd2 {[%emt 0:04:56]} Nbd7 {[%emt 0:00:46]} 5. Ngf3 {[%emt 0:01:41]} g6 {[%emt 0:00:12]} 6. Be2 {[%emt 0:00:55]} Bg7 {[%emt 0:00:04]} 7. O-O {[%emt 0:00:44]} O-O {[%emt 0:00:05]} 8. h3 {[%emt 0:05:21]} c5 {[%emt 0:26:17]} 9. c3 {[%emt 0:01:01]} b6 {[%emt 0:00:10]} 10. b4 {[%emt 0:06:46]} c4 {[%emt 0:09:58]} 11. a4 {[%emt 0:01:22]} Bb7 {[%emt 0:01:04]} 12. Qc2 {[%emt 0:01:07]} a6 {[%emt 0:01:29]} 13. Rfe1 {[%emt 0:07:47]} b5 {[%emt 0:19:17]} 14. a5 $11 {[%emt 0:08:38]} Re8 {[%emt 0:05:08]} 15. Bf4 {[%emt 0:11:43]} Ne4 {[%emt 0:02:31]} 16. Bh2 {[%emt 0:05:33]} f5 {[%emt 0:06:37]} 17. Nf1 {[%emt 0:01:44]} e6 {[%emt 0:01:48]} 18. Rad1 {[%emt 0:13:01]} Qe7 {[%emt 0:00:09]} 19. Ne5 {[%emt 0:00:12]} Ndf6 {[%emt 0:01:59]} 20. f3 {[%emt 0:00:11]} Nd6 {[%emt 0:00:08]} 21. Nd2 {[%emt 0:00:33]} Rf8 {[%emt 0:00:27]} 22. Bf1 {[%emt 0:00:18]} Rad8 {[%emt 0:00:19]} 23. Re2 {[%emt 0:00:07]} Qe8 {[%emt 0:00:57]} 24. Rde1 {[%emt 0:00:12]} g5 {[%emt 0:01:50]} 25. g4 {[%emt 0:01:25]} fxg4 {[%emt 0:01:51]} 26. hxg4 {[%emt 0:00:10]} Nf7 {[%emt 0:00:47]} 27. Bg2 {[%emt 0:01:48]} Nd7 {[%emt 0:02:45]} 28. f4 {[%emt 0:00:21]} Nf6 {[%emt 0:01:30]} 29. Bf3 {[%emt 0:04:16]} Nxe5 {[%emt 0:01:22]} 30. fxe5 {[%emt 0:03:19]} Nd7 {[%emt 0:00:04]} 31. Rf2 {[%emt 0:00:29]} Qe7 {[%emt 0:00:24]} 32. Nf1 {[%emt 0:00:47]} Rf7 {[%emt 0:00:18]} 33. Ng3 {[%emt 0:00:05]} Rdf8 {[%emt 0:00:13]} 34. Ref1 {[%emt 0:00:05]} Qe8 {[%emt 0:02:14]} 35. Nh5 {[%emt 0:00:12]} Bc6 {[%emt 0:00:54]} 36. Bg3 {[%emt 0:04:21]} Qa8 {[%emt 0:02:10]} 37. Qd2 {[%emt 0:02:47]} Qd8 {[%emt 0:00:04]} 38. Bh2 {[%emt 0:08:27]} Bb7 {[%emt 0:00:07]} 39. Qe2 {[%emt 0:00:44]} Qa8 {[%emt 0:00:07]} 40. Bg3 {[%emt 0:00:00]} Bc6 {[%emt 0:00:00]} 41. Bh2 {[%emt 0:09:54]} 1/2-1/2

[Event "World Senior chT-50 2019"]
[Site "Rhodes"]
[Date "2019.04.19"]
[Round "4.13"]
[White "Yrjola, Jouni"]
[Black "Mahia, Gustavo"]
[Result "1/2-1/2"]
[WhiteElo "2327"]
[BlackElo "2367"]
[PlyCount "201"]
[EventDate "2019.04.16"]
[EventType "team-tourn"]
[EventCountry "GRE"]

{[%evp 22,201,28,28,39,36,50,71,74,53,69,40,69,72,112,95,91,93,127,118,107,100,106,122,130,137,128,122,124,114,140,117,235,110,134,150,156,92,146,129,131,143,176,78,178,195,182,170,234,234,229,159,236,167,173,130,239,246,246,233,226,232,239,231,287,294,433,462,458,452,435,518,514,519,518,502,484,364,747,354,33,33,33,20,512,518,452,452,733,724,715,715,1177,1123,1124,1105,1076,1070,1050,1040,1016,1012,988,1003,983,957,930,706,700,700,873,740,731,495,486,443,395,0,396,0,582,322,281,138,398,396,389,381,374,374,381,381,413,413,684,8,8,8,8,8,8,8,8,8,8,8,8,8,8,8,8,8,10,8,8,8,8,8,90,90,90,90,90,90,90,90,90,90,90,90,90,90,90,90,90,90,90,90,90,90,90,90]} 1. d4 Nf6 2. c4 g6 3. g3 Bg7 4. Bg2 O-O 5. Nc3 d6 6. Nf3 Nbd7 7. O-O e5 8. e4 c6 9. h3 Qb6 10. Re1 exd4 11. Nxd4 Re8 12. Nc2 Ne5 {E69: King's Indian: Fianchetto: 6...Nbd7 7 0-0 e5 8 e4 c6 9 h3} 13. b3 Nfd7 (13... Be6 14. Ne3 Nfd7 15. Bb2 Nc5 16. Bf1 Bxh3 17. Bxh3 Ned3 18. Qc2 Nxb2 19. Bf1 Re6 20. Rab1 {0-1 (66) Van Wely,L (2642)-Adhiban,B (2668) Batumi 2018}) 14. Na4 Qa5 15. Bd2 Qc7 16. Qe2 $146 ({Predecessor:} 16. Re3 Nc5 17. Nxc5 dxc5 18. f4 Nd7 19. Bc3 Nf6 20. Qe2 {1-0 (47) Georgakopoulos,N (2337)-Pavlidis,A (2360) Achaea 2012}) 16... f6 17. Rad1 Nf8 18. Bb4 Nf7 19. Qd2 f5 20. exf5 Rxe1+ 21. Rxe1 Bxf5 22. Ne3 Be6 23. Bc3 Bxc3 24. Nxc3 ({But not} 24. Qxc3 Re8 $14) 24... Qa5 25. Kh2 Rd8 26. Re2 Bc8 {[#]} (26... Qe5 $16 27. f4 Qg7) 27. Nc2 (27. Ned5 $1 $18 {[%mdl 512] b4 is the strong threat.} cxd5 28. Bxd5) 27... Qh5 28. f4 Qh6 29. Re7 (29. Nd4 $142) 29... Ne6 ({Better is} 29... Nd7) 30. Nd4 $1 $16 {[%cal Rd4e6]} Nxd4 31. Qxd4 {And now Qf6 would win.} Qg7 32. Qxg7+ $1 Kxg7 33. Rc7 h6 34. Bf3 Re8 (34... h5 $142 35. g4 hxg4) 35. Kg2 $1 $18 Kf8 36. Kf2 a5 (36... d5 $16 {was worth a try.} 37. cxd5 cxd5) 37. h4 h5 38. Be4 Kg7 (38... Bf5 $16) 39. Bd3 d5 40. cxd5 cxd5 41. Nxd5 Rd8 42. Bc4 Be6 43. Ne3 Rd7 (43... Kf6 {is a better defense.} 44. Bxe6 Kxe6 45. Rxb7 Rd2+ 46. Ke1 Rxa2 47. Rb6+ Kd7 48. Rxg6 Nd6) 44. Rxd7 Bxd7 45. Bxf7 Kxf7 {[%mdl 4096] Endgame KB-KN} 46. Nc4 Ke6 47. Nxa5 b5 48. Ke3 Kd5 49. Nb7 b4 $2 (49... Be8 50. Nd8 Bd7) 50. Nd8 (50. Na5 $142 Bf5 51. Nc4) 50... Bf5 51. Nf7 {Hoping for Ne5.} Bb1 52. Kd2 {next Ne5 is good for White.} Kd4 $2 {[%mdl 8192]} (52... Bf5 $1 $11) 53. Ne5 Be4 54. Nc4 $1 Bd5 (54... Bf3 $142 55. a3 bxa3 56. Nxa3 Bd5) 55. Ne3 $1 {[%cal Re3d5]} Be6 56. Nc2+ Kc5 57. Ne1 Bf5 58. Nd3+ Kb5 59. Ke3 Ka5 60. Ke2 Kb5 61. Kd2 Bg4 62. Ke3 Bc8 63. Nf2 Kc5 64. Ne4+ Kd5 65. Nd2 Be6 66. Nc4 Kc5 67. Kd3 Bf5+ 68. Kd2 Kd4 69. Ne3 Be6 $1 70. Nc2+ (70. f5 $142 $1 {[%cal Rf5e6]} gxf5 71. Nc2+ Ke4 72. Ke2 (72. Nxb4 Kf3 $11)) 70... Kc5 71. Kc1 Bf5 72. Kb2 (72. Ne3 $18 {and White stays clearly on top.} Bd3 73. Kd2) 72... Be4 $2 {[%mdl 8192]} (72... Bd3 $16 73. Kc1 Bf5) 73. a3 bxa3+ 74. Nxa3 Kd4 {intending ...Ke3.} 75. Nc4 Kd3 {[#]} 76. Nd6 $1 {[%cal Rd6e4]} Bd5 77. b4 Ke3 (77... Kd4 $142 78. Nc8 Bc6) 78. b5 $2 ({White must play} 78. Kc3 $18) 78... Kf3 $11 79. f5 gxf5 80. Nxf5 Ba8 81. Kc3 Kg4 82. Ne7 Kxg3 83. Ng6 Kg4 84. Kd4 Kf5 85. Ne5 Ke6 86. Nc4 Bg2 87. Ne3 Bf3 88. Kc5 {Threatens to win with Nc2.} Be2 89. Nc4 Kd7 {[#]} (89... Kf5 $11 {keeps the balance.}) 90. Ne5+ $1 $16 {White is better.} Kc7 91. b6+ Kb7 92. Nf7 Bf3 93. Nd6+ Ka6 94. Nc4 Be2 95. Ne3 Bf3 96. Nc2 Be4 97. Nd4 Bg2 98. Nb5 Kb7 99. Nd6+ Ka6 100. Ne8 Kb7 101. Nf6 {Accuracy: White = 63%, Black = 45%.} 1/2-1/2

[Event "World Senior chT-50 2019"]
[Site "Rhodes"]
[Date "2019.04.19"]
[Round "4.14"]
[White "Garbarino, Rodolfo"]
[Black "Viljava, Tapani"]
[Result "1-0"]
[WhiteElo "2335"]
[BlackElo "2159"]
[PlyCount "33"]
[EventDate "2019.04.16"]
[EventType "team-tourn"]
[EventCountry "GRE"]

{[%evp 10,33,10,33,29,-4,0,-13,-12,-17,-10,-7,0,0,-8,-12,-5,-7,35,-5,29,32,275,273,372,379]} 1. e4 c5 2. Nc3 Nc6 3. Nf3 g6 4. Bb5 Bg7 5. O-O Nd4 6. Ba4 Qa5 {B31: Sicilian: 2...Nc6 3 Bb5 g6} 7. a3 (7. Rb1 a6 8. Nxd4 cxd4 9. b4 Qd8 10. Ne2 b5 11. Bb3 Bb7 12. d3 d5 13. f3 e6 14. Bb2 {0-1 (40) Karjakin,S (2756)-Radjabov,T (2713) Beijing 2013}) 7... b5 8. b4 Qd8 {The position is equal.} 9. Bb3 $1 c4 10. Ba2 d5 11. Nxd4 ({Reject} 11. exd5 Bg4 $15) 11... Bxd4 12. Bb2 $146 ({Predecessor:} 12. exd5 Nf6 13. d6 Bb7 14. dxe7 Kxe7 {0-1 (23) Larson,M-Lackner,J (1929) ICCF email 2016}) 12... Nf6 13. d3 Bb7 14. Qe2 {[%cal Rd3c4]} Rc8 15. dxc4 {aiming for Rad1.} dxc4 $2 (15... Nxe4 $14 16. Nxe4 Bxb2 17. cxd5 Bxa1 18. Rxa1 a6) 16. Rad1 $18 Qb6 {[#]} 17. Nd5 $1 {Accuracy: White = 53%, Black = 31%.} 1-0